hidden taylor swift song - #1 - Statistics

General Stats
  • This quiz has been taken 26 times
  • The average score is 171 of 318
Answer Stats
% Correct
I
100%
a
96%
me
96%
the
96%
The
96%
you?
96%
you
96%
You
96%
We
88%
we
88%
your
88%
In
83%
in
83%
love
83%
is
79%
to
79%
And
75%
and
75%
it
75%
my
75%
were
75%
we're
75%
when
75%
do
71%
like
71%
for
67%
if
63%
that
63%
this
63%
us
63%
you're
63%
You're
63%
go
58%
not
58%
all
54%
could
54%
get
54%
I'm
54%
just
54%
know
54%
so
54%
with
54%
can
50%
can't
50%
it's
46%
said
46%
talk
46%
They
46%
think
46%
by
42%
how
42%
I'd
42%
out
42%
say
42%
still
42%
Still
42%
babe
38%
But
38%
crazy
38%
Crazy
38%
die
38%
even
38%
Even
38%
false
38%
god
38%
New
38%
Staring
38%
there
38%
about
33%
City
33%
favorite
33%
jump
33%
might
33%
ocean
33%
Remember
33%
up
33%
window
33%
work
33%
worship
33%
York
33%
altar
29%
away
29%
blind
29%
faith
29%
good
29%
hips
29%
led
29%
lost
29%
thing
29%
times
29%
town
29%
We'd
29%
we'd
29%
fly
25%
gets
25%
lips
25%
fight
21%
Got
21%
hard
21%
heaven's
21%
Hell
21%
leave
21%
Make
21%
road
21%
separating
21%
touch
21%
try
21%
warned
21%
begging
17%
Daring
17%
patch
17%
Religion's
17%
scare
17%
Village
17%
We's
17%
confessions
13%
forgiveness
13%
honey
13%
West
13%
wine
13%
Ican
0%
No matching quizzes found
Score Distribution
Percent of People with Each Score
Percentile by Number Answered
Your Score History
You have not taken this quiz